Declaración universal de los derechos humanos /

Guardado en:
Detalles Bibliográficos
Autor corporativo: ONU
Formato: Libro
Idioma:Español
Publicado: México : editorial no identificada, 1992
Etiquetas: Agrega una etiqueta
Sin etiquetas, Sé el primero en etiquetar este registro!

MARC

LEADER 00000nam^a2200000^a^4500
001 000594244
005 20250521000000.0
009 20260310133024.098
037 |a Acervo ITESO - Biblioteca 
041 |a ESP 
091 |a FCR. 01672 
110 |a ONU 
245 1 0 |a Declaración universal de los derechos humanos / 
264 1 |a México :  |b editorial no identificada,  |c 1992 
300 |a 10 p. 
336 |a texto  |b txt  |2 rdacontenido 
337 |a sin mediación  |b n  |2 rdamedio 
338 |a volumen  |b nc  |2 rdasoporte 
649 |a XX 
910 |a Fondo Cristina Romo Gil 
920 |a Impresos - Libros 
930 |a Fondos Especiales 
905 |a 143 
901 |a 594244-10  |b IT2  |c ESP  |i D121419  |u 20250521 
902 |a https://opac.biblio.iteso.mx/vufind/Record/000594244